| LEADER |
01913ngm0a2200337 450 |
| 001 |
16848046 |
| 100 |
|
|
|a 20250627d2025 u u0frey01 ba
|
| 101 |
0 |
|
|a spa
|
| 102 |
|
|
|a ES
|
| 200 |
0 |
|
|a Marco, l'énigme d'une vie
|f Aitor Arregi, Jon Garano, réal., scénario
|g Aranzazu Calleja, comp. - Jorge Gil, José Maria Goenaga, scénario - Eduard Fernandez, Nathalie Poza, Chani Martin, Daniela Brown, Julia Molins, Sonia Almarcha, ... [et al.] act.
|
| 207 |
|
1 |
|a
|
| 210 |
|
|
|a Danemark
|c Epicentre Films
|d 2025
|
| 215 |
|
|
|a 1 DVD 2 couches sur une simple face (01 h 42 mn)
|c 2.39:1, 16/9, coul., (PAL), Son. (Dolby Digital 5.1; espagnol)
|
| 300 |
|
|
|a Langues principales : espagnol; Sous-titres : anglais, français
|
| 327 |
|
|
|a Entretien avec les réalisateurs. Bio-filmographie des réalisateurs. Bande annonce du film. Galerie de photos.
|
| 330 |
|
|
|a 'Marco, l'énigme d'une vie' est l'histoire d'un homme au grand charisme qui, pendant des années, a été le porte-parole de l'association espagnole des victimes de la Shoah. Il a élaboré, face aux médias, au sein de sa propre association et même dans sa propre famille, un récit complexe : il prétend être un survivant des camps de concentration, ce qui s'avère être un mensonge éhonté.
|
| 464 |
|
|
|a Entretien avec les réalisateurs. Bio-filmographie des réalisateurs. Bande annonce du film. Galerie de photos.
|
| 700 |
|
0 |
|a Arregi
|b Aitor
|4 370
|
| 701 |
|
0 |
|a Garano
|b Jon
|4 370
|
| 702 |
|
0 |
|a Gil
|b Jorge
|4 690
|
| 702 |
|
0 |
|a Goenaga
|b José Maria
|4 690
|
| 702 |
|
0 |
|a Calleja
|b Aranzazu
|4 230
|
| 702 |
|
0 |
|a Fernandez
|b Eduard
|4 5
|
| 702 |
|
0 |
|a Poza
|b Nathalie
|4 5
|
| 702 |
|
0 |
|a Martin
|b Chani
|4 5
|
| 702 |
|
0 |
|a Brown
|b Daniela
|4 5
|
| 702 |
|
0 |
|a Molins
|b Julia
|4 5
|
| 702 |
|
0 |
|a Almarcha
|b Sonia
|4 5
|
| 900 |
|
|
|a Film
|
| 901 |
|
|
|a Accessible au prêt
|
| 995 |
|
|
|a Bibliothèque
|c Bibliothèque
|f 00156008963142
|h 00156008963142
|k F ARR
|o p
|q a
|r gd
|e Bibliothèque
|